000 00491nam a2200169Ia 4500
008 090201s9999 xx 000 0 und d
010 _aKPL-33050
040 _bमराठी
041 _aमराठी
082 _a40308
_b33050
100 _aना सी फडके
245 _aझंझावात
_cना सी फडके
260 _c2004
_bसरीता प्रकाशन
300 _a252
_bमोठा
600 _aझंझावात
942 _cBOOK
999 _c237572
_d237572